[Event "chess.com SF Blitz 1m+1spm 2016"]
[Site "chess.com INT"]
[Date "2016.08.24"]
[Round "30"]
[White "Nakamura,Hi"]
[Black "Vachier Lagrave,M"]
[Result "0-1"]
[WhiteElo "2791"]
[BlackElo "2819"]

1.b3 g6 2.Bb2 Nf6 3.e3 Bg7 4.Nf3 O-O 5.d4 b6 6.c4 Bb7 7.Nc3 e6 8.Qc2 d6 9.Rd1 Nbd7
10.Be2 a6 11.O-O Qe7 12.e4 e5 13.Nd5 Nxd5 14.cxd5 exd4 15.Nxd4 Nc5 16.Bf3 a5
17.a3 Rfe8 18.Rfe1 f5 19.b4 axb4 20.axb4 Nxe4 21.Bxe4 fxe4 22.Ne6 Bxb2 23.Qxb2 Bxd5
24.Nxc7 Qxc7 25.Rxd5 Qf7 26.Rxd6 Ra2 27.Qf6 Rf8 28.Qxf7+ Rxf7 29.Rf1 e3 30.fxe3 Rc7
31.Rd4 Rcc2 32.Rg4 Re2 33.h4 Rxe3 34.Rf6 Rae2 35.Rxb6 Re4 36.Rg5 Rxh4 37.Rb7 Re1+
38.Kf2 Rb1 39.Ra5 Rf4+ 40.Kg3 Rf7 41.Rb8+ Kg7 42.b5 Rb3+ 43.Kh2 h5 44.b6 Rf2
45.Ra7+ Kh6 46.b7 Rfb2 47.Rh8+ Kg5 48.Ra5+ Kf6 49.Rh6 Kg7  0-1

[Event "chess.com SF Blitz 1m+1spm 2016"]
[Site "chess.com INT"]
[Date "2016.08.24"]
[Round "31"]
[White "Vachier Lagrave,M"]
[Black "Nakamura,Hi"]
[Result "0-1"]
[WhiteElo "2819"]
[BlackElo "2791"]

1.e4 e6 2.d4 g6 3.Nc3 Bg7 4.h4 h6 5.h5 g5 6.f4 d6 7.Nf3 g4 8.Nh4 Nc6 9.e5 dxe5
10.dxe5 Qxd1+ 11.Nxd1 f5 12.Ng6 Rh7 13.Be3 Nge7 14.Nc3 a6 15.Nh4 Bd7 16.Rd1 O-O-O
17.a3 Be8 18.Rxd8+ Nxd8 19.Bc4 Bxh5 20.Ne2 Bf7 21.Ng3 h5 22.Kf2 Ng6 23.Ne2 Nxh4
24.Rxh4 Bf8 25.Ke1 Be7 26.Bf2 Bxh4 27.Bxh4 Nc6 28.c3 Kd7 29.b4 Rh8 30.a4 Ra8
31.Kd2 Ne7 32.Nd4 Ng6  0-1

[Event "chess.com SF Blitz 1m+1spm 2016"]
[Site "chess.com INT"]
[Date "2016.08.24"]
[Round "32"]
[White "Nakamura,Hi"]
[Black "Vachier Lagrave,M"]
[Result "1-0"]
[WhiteElo "2791"]
[BlackElo "2819"]

1.b3 g6 2.Bb2 Nf6 3.e3 Bg7 4.d4 O-O 5.Nf3 b6 6.Bd3 Bb7 7.O-O d6 8.c4 Nbd7
9.Nc3 e6 10.e4 c5 11.d5 e5 12.Re1 Nh5 13.g3 h6 14.Bc1 Ndf6 15.Nh4 Bc8 16.Be2 Kh7
17.Ng2 Bh8 18.Be3 Ng7 19.Qd2 Ng8 20.f4 f5 21.fxe5 dxe5 22.Rf1 Bd7 23.Bd3 Qe7
24.exf5 gxf5 25.Rae1 Rae8 26.Bc2 e4 27.Nh4 Qd6 28.Bf4 Qf6 29.Be3 Qe5 30.Kh1 Nf6
31.Bxh6 Ng4 32.Bf4 Qd4 33.Bd1 e3 34.Qc2 Nf2+ 35.Kg2 Nd3 36.Nf3 Nxf4+ 37.Kh1 Qd3
38.gxf4 Qxc2 39.Bxc2 Nh5 40.Ne2 Kh6 41.Rg1 Bf6 42.Rg2 Rg8 43.Reg1 Rg4 44.h3 Rxg2
45.Rxg2 b5 46.Ng5 Bxg5 47.fxg5+ Kg7 48.Bd1 f4 49.Nc3 Ng3+ 50.Kh2 b4 51.Ne2 Nf1+
52.Kg1 Nd2 53.Nxf4 Rf8 54.Nh5+ Kg6 55.Nf6 Bxh3 56.Rg3 Bf5 57.Bh5+ Kg7 58.Rxe3  1-0

[Event "42nd Olympiad 2016"]
[Site "Baku AZE"]
[Date "2016.09.10"]
[Round "8.1"]
[White "Nakamura,Hi"]
[Black "Kramnik,V"]
[Result "1/2-1/2"]
[WhiteElo "2789"]
[BlackElo "2808"]

1.d4 Nf6 2.c4 e6 3.Nf3 d5 4.Nc3 Be7 5.Bg5 h6 6.Bh4 O-O 7.e3 Nbd7 8.Qc2 c5
9.cxd5 Nxd5 10.Bxe7 Qxe7 11.Nxd5 exd5 12.dxc5 Nxc5 13.Be2 Bg4 14.O-O Rac8
15.Nd4 Ne6 16.Qd2 Qg5 17.Bxg4 Qxg4 18.Ne2 Rfd8 19.Rac1 Rxc1 20.Rxc1 d4 21.Nxd4 Nxd4
22.exd4 Qxd4 23.Qc2 h5 24.h3 g6 25.b3 b5 26.Qe2 a6 27.Qe7 Kg7 28.Rc7 Qd1+
29.Kh2 Qd6+ 30.Qxd6 Rxd6 31.Ra7 h4 32.a4 Kf6 33.Rb7 bxa4 34.bxa4 Ke6 35.g3 hxg3+
36.Kxg3 f6 37.h4 Ke5 38.Ra7 Rc6 39.f3 Kf5 40.Ra8 Ke5 41.Re8+ Kf5 42.Ra8 Ke5  1/2-1/2

[Event "42nd Olympiad 2016"]
[Site "Baku AZE"]
[Date "2016.09.11"]
[Round "9.2"]
[White "Hammer,J"]
[Black "Nakamura,Hi"]
[Result "0-1"]
[WhiteElo "2651"]
[BlackElo "2789"]

1.d4 Nf6 2.c4 g6 3.Nf3 Bg7 4.g3 O-O 5.Bg2 d6 6.O-O c5 7.dxc5 dxc5 8.Ne5 Qc7
9.Nd3 Be6 10.Bf4 Qc8 11.Nd2 Bh3 12.Nf3 Bxg2 13.Kxg2 b6 14.Re1 Qb7 15.Qc1 Rd8
16.Bh6 Bh8 17.Ne5 Ne4 18.Qf4 f6 19.Rad1 Nd6 20.Ng4 Nc6 21.Kg1 Nf7 22.h3 f5
23.Ngh2 e5 24.Qc1 e4 25.Nh4 Rxd1 26.Rxd1 Nd4 27.Re1 Qa6 28.Be3 Qxa2 29.g4 Bf6
30.Ng2 Ne6 31.gxf5 gxf5 32.Nf1  0-1

[Event "42nd Olympiad 2016"]
[Site "Baku AZE"]
[Date "2016.09.12"]
[Round "10.1"]
[White "Nakamura,Hi"]
[Black "Mchedlishvili,M"]
[Result "0-1"]
[WhiteElo "2789"]
[BlackElo "2609"]

1.d4 d5 2.c4 c6 3.Nf3 Nf6 4.g3 g6 5.Bg2 Bg7 6.Nbd2 O-O 7.O-O a5 8.b3 Bf5
9.Bb2 Ne4 10.Nh4 Nxd2 11.Qxd2 Be6 12.e4 dxc4 13.d5 Bxb2 14.Qxb2 cxd5 15.Rfd1 d4
16.bxc4 Nc6 17.Qxb7 Qc8 18.Qb5 Rb8 19.Qc5 Rb7 20.Nf3 Rd8 21.Nd2 d3 22.Rab1 Rc7
23.Rb6 Nd4 24.Qxa5 Bxc4 25.Nf3 Ne2+ 26.Kh1 Be6 27.Ne1 Rc1 28.Rxc1 Qxc1 29.Rc6 d2
30.Qxd8+ Kg7 31.Rxc1 dxc1=Q 32.Qa5 Nc3 33.Bf3 Qxe1+ 34.Kg2 h5 35.Qb4 Bxa2
36.Qxe7 Bc4 37.Qe5+ Kh7 38.Kh3 Qxf2 39.Qxc3 Bf1+  0-1

[Event "42nd Olympiad 2016"]
[Site "Baku AZE"]
[Date "2016.09.13"]
[Round "11.1"]
[White "Kovalyov,A"]
[Black "Nakamura,Hi"]
[Result "1/2-1/2"]
[WhiteElo "2617"]
[BlackElo "2789"]

1.c4 c5 2.Nf3 Nf6 3.Nc3 Nc6 4.g3 d5 5.d4 e6 6.cxd5 Nxd5 7.Bg2 cxd4 8.Nxd4 Nxc3
9.bxc3 Nxd4 10.Qxd4 Qxd4 11.cxd4 Bd6 12.O-O Rb8 13.Bb2 b6 14.Rfc1 Kd7 15.Bc6+ Kd8
16.e4 f6 17.Kg2 Bb7 18.Bxb7 Rxb7 19.f4 Kd7 20.Kf3 b5 21.e5 Be7 22.Rc2 b4
23.Rac1 b3 24.axb3 Rxb3+ 25.Ke2 Rhb8 26.Ba1 Ra3 27.d5 exd5 28.f5 Bd8 29.e6+ Ke8
30.Bd4 Ra4 31.Bf2 g6 32.Rd1 Rb5 33.Rd4 Rc4 34.Rdxc4 dxc4 35.fxg6 hxg6 36.Bxa7 Bb6
37.Bxb6 Rxb6 38.Rxc4 Rxe6+  1/2-1/2

[Event "chess.com IoM Masters"]
[Site "Douglas ENG"]
[Date "2016.10.01"]
[Round "1.3"]
[White "Nakamura,Hi"]
[Black "Arakhamia-Grant,K"]
[Result "1-0"]
[WhiteElo "2787"]
[BlackElo "2376"]

1.d4 d5 2.c4 e6 3.Nf3 Nf6 4.Bg5 Nbd7 5.cxd5 exd5 6.Nc3 Be7 7.e3 c6 8.Bd3 h6
9.Bh4 O-O 10.Qc2 Re8 11.Bg3 Nf8 12.O-O Nh5 13.Be5 Bg4 14.Nd2 f6 15.Bg3 Nxg3
16.hxg3 Bd6 17.Nf3 g5 18.Nh2 Bh5 19.Rae1 Qc7 20.Bf5 Re7 21.e4 Rae8 22.Ng4 Kg7
23.Ne3 Kh8 24.exd5 Bxg3 25.fxg3 Rxe3 26.Rxe3 Rxe3 27.Qf2 Re8 28.Bd3 Qg7 29.Ne4 Bg6
30.Nxf6 Rd8 31.Bxg6 Qxg6 32.Qe3 cxd5 33.Qe7 Rc8 34.Qxb7 Qc2 35.Qf7 Qg6 36.Qxa7 Rc6
37.Nh5  1-0

[Event "chess.com IoM Masters"]
[Site "Douglas ENG"]
[Date "2016.10.02"]
[Round "2.3"]
[White "Vishnu,P"]
[Black "Nakamura,Hi"]
[Result "0-1"]
[WhiteElo "2522"]
[BlackElo "2787"]

1.e4 c5 2.Nf3 d6 3.d4 cxd4 4.Nxd4 Nf6 5.Nc3 a6 6.h3 e5 7.Nde2 h5 8.Be3 Be6
9.Nd5 Bxd5 10.exd5 Nbd7 11.Nc3 g6 12.Qd2 Rc8 13.a4 Ng8 14.Ra3 f5 15.h4 Qa5
16.f3 Bh6 17.g4 Bxe3 18.Qxe3 hxg4 19.fxg4 Ne7 20.Qd2 Qb4 21.Rb3 Qxg4 22.Rxb7 Rxc3  0-1

[Event "chess.com IoM Masters"]
[Site "Douglas ENG"]
[Date "2016.10.03"]
[Round "3.2"]
[White "Nakamura,Hi"]
[Black "Van Foreest,Jorden"]
[Result "1/2-1/2"]
[WhiteElo "2787"]
[BlackElo "2615"]

1.d4 d5 2.c4 c6 3.Nc3 Nf6 4.e3 g6 5.Nf3 Bg7 6.Be2 O-O 7.O-O e6 8.Qc2 Nbd7
9.b3 b6 10.a4 Bb7 11.Ba3 Re8 12.cxd5 exd5 13.a5 c5 14.a6 Bc6 15.b4 cxd4 16.Nxd4 Rc8
17.Qb3 Ne5 18.Nxc6 Nxc6 19.Rad1 d4 20.Nb5 Qe7 21.Nxd4 Nxd4 22.Rxd4 Ne4 23.Rd3 Nc3
24.Bg4 Rc7 25.Rd2 Rd8 26.Bc1 Rxd2 27.Bxd2 b5 28.Rc1 Rc4 29.Bxc3 Qc7 30.g3 Rxc3
31.Rxc3 Qxc3 32.Qd5 Qa1+ 33.Bd1 Bf8 34.Kg2 Qxa6 35.Bb3 Qf6 36.Qxb5 Kg7 37.h4 h5
38.Qc4 Be7 39.e4 Qe6 40.Qd4+ Bf6 41.Qd3 Qe7 42.b5 Be5 43.f4 Bc7 44.Qd4+ Kh7
45.Qd5 Kg7 46.e5 Bb6 47.Qc6 Kf8 48.Kh3 Kg7 49.Qd5 Bc5 50.Qe4 Bb6 51.f5 gxf5
52.Qxf5 Bc7 53.e6 Qf6 54.Qxf6+ Kxf6 55.exf7 Bd6 56.Kg2 Kg6 57.Kf3 Kf6 58.Ke4 Kg7
59.Kf5 Bxg3 60.Kg5 Bd6 61.Kxh5 Bc5 62.Kg4 Kf6 63.Kf4 Bd6+ 64.Ke4 Bf8 65.Kd4 Be7
66.Ba2 Kg7 67.h5 Kf6 68.Ke4 Bf8 69.Bc4 Ba3 70.Kf4 Bd6+ 71.Kg4 Bf8 72.Bb3 Bh6
73.Bc4 Bf8 74.Bb3 Bh6 75.Bc4  1/2-1/2

[Event "chess.com IoM Masters"]
[Site "Douglas ENG"]
[Date "2016.10.04"]
[Round "4.4"]
[White "Grandelius,N"]
[Black "Nakamura,Hi"]
[Result "1/2-1/2"]
[WhiteElo "2642"]
[BlackElo "2787"]

1.d4 Nf6 2.c4 e6 3.Nf3 d5 4.Nc3 Be7 5.Bg5 h6 6.Bh4 O-O 7.e3 Ne4 8.Bxe7 Qxe7
9.Rc1 c6 10.Be2 Nxc3 11.Rxc3 dxc4 12.Bxc4 Nd7 13.O-O b6 14.Bd3 c5 15.Be4 Rb8
16.Qc2 Nf6 17.dxc5 Nxe4 18.Qxe4 bxc5 19.b3 Bb7 20.Qf4 Bxf3 21.Qxf3 Rfd8 22.Rfc1 Rd2
23.R3c2 Qd6 24.h3 Rd8 25.Rxd2 Qxd2 26.Rxc5 Qxa2 27.Rc7 Qa1+ 28.Kh2 Qe5+ 29.Qg3 Qxg3+
30.Kxg3 Rb8 31.Rxa7 Rxb3  1/2-1/2

[Event "chess.com IoM Masters"]
[Site "Douglas ENG"]
[Date "2016.10.05"]
[Round "5.4"]
[White "Nakamura,Hi"]
[Black "Bok,B"]
[Result "0-1"]
[WhiteElo "2787"]
[BlackElo "2594"]

1.d4 Nf6 2.c4 g6 3.f3 e6 4.e4 c5 5.d5 d6 6.Ne2 Bg7 7.Nec3 a6 8.a4 Nh5 9.Be3 exd5
10.cxd5 f5 11.exf5 gxf5 12.Qd2 O-O 13.Be2 Nd7 14.O-O f4 15.Bf2 Qg5 16.g4 Ne5
17.Kh1 Nf6 18.Rg1 Qg6 19.Bh4 h5 20.g5 Nfg4 21.Ne4 Bf5 22.Nf6+ Rxf6 23.gxf6 Bxf6
24.Nc3 Bxh4 25.Raf1 Bg5 26.h4 Bh6 27.fxg4 hxg4 28.Rxf4 Qh5 29.Rg2 Qxh4+ 30.Kg1 Ng6
31.Rxf5 Bxd2 32.Rxg4 Bxc3 33.bxc3 Qe1+ 34.Bf1 Kg7 35.Rfg5 Qb1  0-1

[Event "chess.com IoM Masters"]
[Site "Douglas ENG"]
[Date "2016.10.06"]
[Round "6.15"]
[White "Paehtz,E"]
[Black "Nakamura,Hi"]
[Result "0-1"]
[WhiteElo "2459"]
[BlackElo "2787"]

1.d4 f5 2.c4 Nf6 3.Nc3 d6 4.Bg5 Nbd7 5.Qc2 g6 6.h4 Bg7 7.O-O-O c6 8.Nh3 Nf8
9.e3 Qa5 10.Be2 h6 11.Bxf6 Bxf6 12.h5 g5 13.f4 g4 14.Nf2 Ne6 15.c5 g3 16.Nh3 dxc5
17.Qxf5 Nf8 18.Qxc5 Qxc5 19.dxc5 Bxc3 20.bxc3 Nd7 21.Bd3 O-O 22.Rhf1 Nxc5
23.Rf3 Nxd3+ 24.Rxd3 Bf5 25.Rxg3+ Kf7 26.e4 Bxe4 27.Rd7 Bf5 28.Rxb7 Rg8 29.Re3 Rxg2
30.Rbxe7+ Kf6 31.Rb7 Rc2+ 32.Kd1 Rd8+ 33.Ke1 Bg4 34.Rb1 Rdd2 35.Ng1 Rg2 36.Nf3 Rg3  0-1

[Event "chess.com IoM Masters"]
[Site "Douglas ENG"]
[Date "2016.10.07"]
[Round "7.7"]
[White "Nakamura,Hi"]
[Black "Brunello,S"]
[Result "1-0"]
[WhiteElo "2787"]
[BlackElo "2566"]

1.d4 Nf6 2.c4 e6 3.Nc3 Bb4 4.Qc2 d5 5.cxd5 Qxd5 6.Nf3 Qf5 7.Qb3 c5 8.a3 Bxc3+
9.Qxc3 Nbd7 10.g3 cxd4 11.Nxd4 Qc5 12.Qxc5 Nxc5 13.b4 Na4 14.Bg2 O-O 15.Bg5 Nd5
16.Nb5 Bd7 17.Nd6 f6 18.Bd2 Rab8 19.Rc1 Rfd8 20.b5 Be8 21.Nxe8 Rxe8 22.e4 Ndb6
23.Bb4 Rbc8 24.Ke2 Kf7 25.f4 Red8 26.Rhd1 Rxd1 27.Rxc8 Nxc8 28.Kxd1 Ncb6
29.Kc2 Nd7 30.e5 Nac5 31.exf6 Kxf6 32.Kc3 b6 33.Kc4 h5 34.Bc6 Kf5 35.Bf3 h4
36.Bd1 hxg3 37.hxg3 g5 38.fxg5 Kxg5 39.Kd4 Kf6 40.a4 Kf5 41.g4+ Kf6 42.Be1 Kf7
43.Bg3 Kf6 44.Bh4+ Kf7 45.Be1 Kf6 46.a5 Nb7 47.a6 Nbc5 48.Bh4+ Kf7 49.Bd8 e5+
50.Kd5 Ne6 51.Kd6 Ke8 52.Bxb6  1-0

[Event "chess.com IoM Masters"]
[Site "Douglas ENG"]
[Date "2016.10.08"]
[Round "8.2"]
[White "Nakamura,Hi"]
[Black "So,W"]
[Result "1/2-1/2"]
[WhiteElo "2787"]
[BlackElo "2794"]

1.d4 Nf6 2.c4 g6 3.f3 d5 4.cxd5 Nxd5 5.e4 Nb6 6.Nc3 Bg7 7.Be3 O-O 8.Qd2 Nc6
9.O-O-O Qd6 10.Nb5 Qd7 11.Kb1 Rd8 12.d5 a6 13.Nc3 Qe8 14.Qc1 Na5 15.Bf4 Rd7
16.Bh6 Bxh6 17.Qxh6 e6 18.Nh3 Qf8 19.Qxf8+ Kxf8 20.Nf4 exd5 21.Nfxd5 Nxd5
22.Rxd5 b5 23.Be2 c6 24.Rxd7 Bxd7 25.Rc1 Be6 26.Nd1 Rd8 27.Ne3 Rd2 28.Rc2 Rxc2
29.Nxc2 c5 30.b4 Nb7 31.a4  1/2-1/2

[Event "chess.com IoM Masters"]
[Site "Douglas ENG"]
[Date "2016.10.09"]
[Round "9.5"]
[White "Aravindh,Chithambaram VR."]
[Black "Nakamura,Hi"]
[Result "1/2-1/2"]
[WhiteElo "2564"]
[BlackElo "2787"]

1.e4 c5 2.Nf3 d6 3.d4 cxd4 4.Nxd4 Nf6 5.Nc3 a6 6.Bc4 e6 7.Bb3 Nbd7 8.O-O Nc5
9.Bg5 Be7 10.Re1 O-O 11.Qf3 h6 12.Bh4 Nd5 13.Bxe7 Nxe7 14.Rad1 b5 15.e5 d5
16.Nce2 f6 17.exf6 Rxf6 18.Qe3 Qd6 19.f4 Bd7 20.c3 Be8 21.g4 Bg6 22.Ng3 Re8
23.Rf1 Ref8 24.Rde1 Bd3 25.Rf2 Be4 26.Ref1 Kh8 27.Bc2 Bxc2 28.Nxc2 Ng6 29.f5 Ne5
30.fxe6 Rxf2 31.Rxf2 Rxf2 32.Qxf2 Nxe6 33.Nf5 Qf8 34.Qg3 Qf6 35.Nce3 Ng5
36.Nxd5 Qf7 37.Nfe3 Qg6 38.Nf5 Nxg4 39.Nde7 Qb6+ 40.Nd4 Ne5 41.h4 Qc5  1/2-1/2

[Event "chess.com Blitz Final 5m+2spm 2016"]
[Site "chess.com INT"]
[Date "2016.10.27"]
[Round "2"]
[White "Carlsen,M"]
[Black "Nakamura,Hi"]
[Result "1-0"]
[WhiteElo "2853"]
[BlackElo "2787"]

1.Nf3 Nf6 2.g3 d5 3.Bg2 e6 4.O-O Be7 5.d3 b6 6.Nbd2 Bb7 7.e4 c5 8.Re1 Nc6
9.c3 Qc7 10.Nf1 dxe4 11.dxe4 Rd8 12.Qe2 Qc8 13.e5 Ba6 14.Qe3 Nd7 15.Qe4 Nf8
16.Ng5 Bb7 17.Qf4 Bxg5 18.Qxg5 Ng6 19.h4 O-O 20.Bf4 Nce7 21.h5 h6 22.Qg4 Bxg2
23.Kxg2 Qc6+ 24.Kg1 Nxf4 25.Qxf4 Rd3 26.Qe4 Rfd8 27.Kg2 Qxe4+ 28.Rxe4 Rd1
29.Re1 Rxa1 30.Rxa1 Nc6 31.Re1 Rd5 32.f4 Na5 33.Kf2 Nc4 34.b3 Na5 35.Ke2 Kf8
36.Ne3 Rd8 37.Rd1 Rxd1 38.Nxd1 Ke7 39.Nf2 Nc6 40.g4 Kd7 41.Ne4 Ne7 42.Kf3 Nd5
43.f5 exf5 44.gxf5 Ne7 45.Ng3 f6 46.e6+ Kd6 47.Ke4 Nd5 48.Ne2 b5 49.c4 bxc4
50.bxc4 Nb6 51.Nc3 Nxc4 52.Nb5+ Ke7 53.Nxa7 Nd6+ 54.Kf4 c4 55.Nc6+ Ke8 56.Nd4 Nb7
57.Ke4 Ke7 58.Kd5 c3 59.a4 Nd6 60.a5 c2 61.Nxc2 Nxf5 62.a6 Nd6 63.Nd4 Nc8
64.Nf5+ Kf8  1-0

[Event "chess.com Blitz Final 5m+2spm 2016"]
[Site "chess.com INT"]
[Date "2016.10.27"]
[Round "3"]
[White "Nakamura,Hi"]
[Black "Carlsen,M"]
[Result "0-1"]
[WhiteElo "2787"]
[BlackElo "2853"]

1.d4 Nf6 2.c4 e6 3.Nf3 b6 4.g3 Ba6 5.Qc2 Bb7 6.Bg2 Bb4+ 7.Bd2 a5 8.O-O O-O
9.a3 Bxd2 10.Nbxd2 d5 11.cxd5 exd5 12.Ne5 Na6 13.Nd3 Qe7 14.e3 c5 15.dxc5 Nxc5
16.Nxc5 bxc5 17.Rac1 Rfc8 18.Rfd1 h6 19.Qf5 a4 20.Rc2 Bc6 21.Rdc1 Bd7 22.Qf4 g5  0-1

[Event "chess.com Blitz Final 5m+2spm 2016"]
[Site "chess.com INT"]
[Date "2016.10.27"]
[Round "4"]
[White "Carlsen,M"]
[Black "Nakamura,Hi"]
[Result "1/2-1/2"]
[WhiteElo "2853"]
[BlackElo "2787"]

1.Nf3 Nf6 2.g3 d5 3.Bg2 e6 4.O-O Be7 5.d3 b6 6.Nbd2 Bb7 7.e4 c5 8.Re1 Nc6
9.c3 Qc7 10.Nf1 dxe4 11.dxe4 Rd8 12.Qa4 a6 13.e5 Nd7 14.Qg4 Kf8 15.Qh5 h6
16.Bf4 Kg8 17.h4 Nf8 18.Ne3 Ng6 19.Rad1 b5 20.Rxd8+ Bxd8 21.Qg4 h5 22.Qh3 c4
23.Rd1 Be7 24.Qh1 Kh7 25.Ng5+ Bxg5 26.hxg5 Rd8 27.Qxh5+ Kg8 28.Rxd8+ Nxd8
29.Bxb7 Nxb7 30.Qf3 Nc5 31.Qa8+ Kh7 32.Qh1+ Kg8 33.Qa8+ Kh7 34.Ng4 Qd7 35.Qh1+ Kg8
36.Qa8+ Kh7 37.Qh1+ Kg8  1/2-1/2

[Event "chess.com Blitz Final 5m+2spm 2016"]
[Site "chess.com INT"]
[Date "2016.10.27"]
[Round "5"]
[White "Nakamura,Hi"]
[Black "Carlsen,M"]
[Result "0-1"]
[WhiteElo "2787"]
[BlackElo "2853"]

1.d4 Nf6 2.c4 e6 3.Nc3 Bb4 4.e3 O-O 5.Ne2 d5 6.a3 Be7 7.cxd5 exd5 8.Nf4 c6
9.Bd3 Na6 10.O-O Nc7 11.Qc2 Bd6 12.f3 Re8 13.Nce2 Qe7 14.Ng3 c5 15.Qf2 b6
16.Bd2 g6 17.dxc5 bxc5 18.Rfe1 Rb8 19.b4 c4 20.Bf1 Be5 21.Rad1 a5 22.e4 axb4
23.axb4 c3 24.Bc1 dxe4 25.Nxe4 Nxe4 26.Rxe4 Bf5 27.Ree1 c2 28.Rd2 Qxb4  0-1

[Event "chess.com Blitz Final 5m+2spm 2016"]
[Site "chess.com INT"]
[Date "2016.10.27"]
[Round "6"]
[White "Carlsen,M"]
[Black "Nakamura,Hi"]
[Result "0-1"]
[WhiteElo "2853"]
[BlackElo "2787"]

1.Nf3 Nf6 2.d4 e6 3.Bg5 c5 4.e3 Qb6 5.Qc1 d5 6.c3 Bd7 7.Nbd2 Bb5 8.Bxb5+ Qxb5
9.a4 Qa6 10.b4 cxb4 11.cxb4 Nbd7 12.b5 Qb6 13.Bf4 Qd8 14.Bc7 Qc8 15.O-O Be7
16.Ra2 O-O 17.Rc2 Ne8 18.a5 Ndf6 19.Ne5 Bd8 20.Bb6 Qxc2 21.Qxc2 axb6 22.a6 bxa6
23.Qc6 Ra7 24.Qc8 Nd6 25.Qb8 Nxb5 26.Rc1 Bc7 27.Qxa7 Nxa7 28.Rxc7 Ra8 29.Nxf7 Nb5
30.Rb7 Rc8 31.Ng5 h6 32.Nxe6 Rc1+ 33.Nf1 Ne4 34.f3 Nd2 35.Kf2 Nxf1 36.Rxg7+ Kh8
37.Rg6 a5 38.Nf4 a4 39.Rxh6+ Kg8 40.Nxd5 a3 41.Nb4 Rb1  0-1

[Event "chess.com Blitz Final 5m+2spm 2016"]
[Site "chess.com INT"]
[Date "2016.10.27"]
[Round "7"]
[White "Nakamura,Hi"]
[Black "Carlsen,M"]
[Result "0-1"]
[WhiteElo "2787"]
[BlackElo "2853"]

1.d4 Nf6 2.c4 e6 3.Nc3 Bb4 4.e3 O-O 5.Ne2 Re8 6.a3 Bf8 7.g3 d5 8.cxd5 exd5
9.Bg2 a5 10.O-O Na6 11.Nf4 c6 12.f3 c5 13.Kh1 Nc7 14.g4 h6 15.Nce2 b6 16.Bd2 Bd6
17.Ng3 a4 18.Rc1 Nb5 19.dxc5 bxc5 20.Qc2 Bxf4 21.exf4 Nd4 22.Qb1 Nb3 23.Rcd1 Ba6
24.Rg1 Be2 25.Nxe2 Rxe2 26.Be1 d4 27.Bf1 Re3 28.Bc4 Ne8 29.g5 hxg5 30.Rxg5 Nd6
31.Bh4 Nxc4 32.Rxg7+ Kxg7 33.Bxd8 Rxd8 34.Qf5 Rd6 35.Rg1+ Rg6 36.Rxg6+ fxg6
37.Qd7+ Kf6 38.Qd8+ Ke6 39.Qg8+ Kd6 40.Qxc4 d3 41.Qa6+ Ke7 42.Qb7+ Kf6 43.Qc6+ Re6
44.Qc8 Re1+ 45.Kg2 d2 46.Qf8+ Ke6 47.Qg8+ Kd7 48.Qd5+ Kc7 49.Qf7+ Kb6 50.Qxg6+ Ka5
51.Qc6 d1=Q 52.Qc7+ Kb5 53.Qb7+ Kc4 54.Qf7+  0-1

[Event "chess.com Blitz Final 5m+2spm 2016"]
[Site "chess.com INT"]
[Date "2016.10.27"]
[Round "8"]
[White "Carlsen,M"]
[Black "Nakamura,Hi"]
[Result "0-1"]
[WhiteElo "2853"]
[BlackElo "2787"]

1.Nf3 d5 2.g3 g6 3.Bg2 Bg7 4.O-O e5 5.d3 Ne7 6.Nbd2 O-O 7.a3 c5 8.e4 Nbc6
9.Rb1 d4 10.Nh4 Be6 11.f4 exf4 12.gxf4 f5 13.b4 cxb4 14.axb4 Qd7 15.b5 Nd8
16.Re1 Nf7 17.Nhf3 Rac8 18.e5 Nd5 19.Bb2 Ne3 20.Qe2 Nxc2 21.Rec1 Ba2 22.Nc4 Ne3
23.Nxe3 dxe3 24.Ra1 Bd5 25.Qxe3 Rxc1+ 26.Rxc1 Re8 27.Qd4 Rd8 28.Ne1 Bf8 29.Qxd5 Qxd5
30.Bxd5 Rxd5 31.Rc8 Nd8 32.d4 Ne6 33.Nc2 Kf7 34.Ne3 Rxb5 35.d5 Rxb2 36.dxe6+ Ke7
37.h4 Bh6 38.Rh8 Kxe6 39.Ng2 Rb4 40.Re8+ Kf7 41.Rh8 Bxf4 42.Nxf4 Rxf4 43.Rxh7+ Ke6
44.h5 gxh5 45.Rxb7 Ra4 46.Rb5 Ra2 47.Rc5 h4 48.Rc4 h3 49.Rh4 Kxe5 50.Rxh3 a5
51.Kf1 a4  0-1

[Event "chess.com Blitz Final 5m+2spm 2016"]
[Site "chess.com INT"]
[Date "2016.10.27"]
[Round "9"]
[White "Nakamura,Hi"]
[Black "Carlsen,M"]
[Result "0-1"]
[WhiteElo "2787"]
[BlackElo "2853"]

1.d4 Nf6 2.c4 e6 3.Nf3 b6 4.g3 Bb7 5.Bg2 Be7 6.Nc3 Na6 7.O-O O-O 8.d5 Bb4
9.Bd2 Nc5 10.Nh4 Re8 11.a3 Bxc3 12.Bxc3 exd5 13.cxd5 Nce4 14.Bd4 c5 15.dxc6 dxc6
16.f3 c5 17.Bxf6 Nxf6 18.e4 Qc7 19.Nf5 Rad8 20.Qc1 h6 21.Qc3 Kh7 22.Rfe1 Bc8
23.Ne3 Kg8 24.Rad1 Be6 25.Bf1 Rxd1 26.Rxd1 Rd8 27.Rd2 Rxd2 28.Qxd2 Qd7 29.Qxd7 Nxd7
30.f4 f6 31.Bb5 Nb8 32.Kf2 Kf7 33.Ke2 a6 34.Bc4 b5 35.Bxe6+ Kxe6 36.Nf5 Kf7
37.g4 Nc6 38.Kd3 g6 39.Nd6+ Ke7 40.Nb7 c4+ 41.Kc3 g5 42.fxg5 hxg5 43.h3 Ne5
44.Nc5 a5 45.Nb7 Kd7 46.Nxa5 Kc7 47.b4 Kb6 48.a4 Ka6 49.axb5+ Kxb5 50.Nb7 Nf7
51.Na5 Nd6 52.Kd4 Kxb4 53.Nxc4 Nxc4 54.Kd5 Nd2 55.e5 fxe5 56.Kxe5 Nf3+ 57.Ke4 Nh4
58.Kd4 Kb3 59.Kd3 Kb2 60.Kd2 Ng2  0-1

[Event "chess.com Blitz Final 3m+2spm 2016"]
[Site "chess.com INT"]
[Date "2016.10.27"]
[Round "11"]
[White "Nakamura,Hi"]
[Black "Carlsen,M"]
[Result "0-1"]
[WhiteElo "2787"]
[BlackElo "2853"]

1.d4 Nf6 2.c4 e6 3.Nf3 b6 4.g3 Bb7 5.Bg2 Be7 6.O-O O-O 7.Re1 Na6 8.Nc3 d5
9.cxd5 exd5 10.Bf4 Re8 11.Rc1 c5 12.dxc5 Nxc5 13.Nd4 a6 14.a3 Bf8 15.b4 Ne6
16.Nxe6 fxe6 17.Na4 Rc8 18.Rxc8 Qxc8 19.Qd4 b5 20.Rc1 Qd8 21.Nc5 Bxc5 22.Qxc5 Qd7
23.Qb6 Rc8 24.Rxc8+ Bxc8 25.Bh3 Kf7 26.Be5 Qe7 27.Qc6 Qd7 28.Qc3 Bb7 29.f3 Ne8
30.Qd3 Kg8 31.Qe3 Bc8 32.Qc5 Nf6 33.Kf2 Kf7 34.Ke3 Qb7 35.Qc3 Bd7 36.Kf2 Qb6+
37.Bd4 Qd6 38.Qe3 h6 39.Be5 Qc6 40.Qa7 Ne8 41.Qb8 Qc8 42.Qxc8 Bxc8 43.Ke3 Nf6
44.Kd4 Nd7 45.Bc7 Bb7 46.e3 Ke7 47.Bf1 Nf6 48.g4 h5 49.g5 Nd7 50.Bd3 Kf7
51.h4 g6 52.Bd6 Bc6 53.f4 Bb7 54.Bc2 Nb6 55.Kc5 Nd7+ 56.Kd4 Nb6 57.Bd3 Nd7
58.Bc7 Bc6 59.Bc2 Kg7 60.Bd1 Kf7 61.Be2 Kg7 62.Bf3 Kf7 63.f5 exf5 64.Bxd5+ Bxd5
65.Kxd5 Ke7 66.Kc6 Ke6 67.Bf4 Ne5+ 68.Kb6 Nc4+ 69.Kxa6 Nxa3 70.Kb6 Kd5 71.Kc7 Ke4
72.Kc6 Nc4 73.Kxb5 Nxe3 74.Bxe3 Kxe3 75.Kc5 f4 76.b5 f3 77.b6 f2 78.b7 f1=Q
79.b8=Q Qf5+ 80.Kc6 Kf3 81.Qb4 Kg3 82.Kd6 Qf8+  0-1

[Event "chess.com Blitz Final 3m+2spm 2016"]
[Site "chess.com INT"]
[Date "2016.10.27"]
[Round "12"]
[White "Carlsen,M"]
[Black "Nakamura,Hi"]
[Result "1-0"]
[WhiteElo "2853"]
[BlackElo "2787"]

1.Nf3 d5 2.g3 g6 3.Bg2 Bg7 4.d4 c6 5.O-O Nf6 6.b3 O-O 7.Bb2 a5 8.c4 Ne4 9.Nfd2 Nxd2
10.Nxd2 Be6 11.e4 dxc4 12.Nxc4 Bxc4 13.bxc4 c5 14.e5 cxd4 15.Qxd4 Nc6 16.Bxc6 bxc6
17.Qc5 Qd2 18.Bd4 Rfd8 19.Be3 Qb4 20.Rad1 Rxd1 21.Rxd1 Qa4 22.Rd2 e6 23.Qe7 Bf8
24.Qf6 Qb4 25.Rd7 Qb1+ 26.Kg2 Qe4+ 27.f3 Qc2+ 28.Bf2 Qf5 29.g4 Qxf6 30.exf6 g5
31.c5 h6 32.Rc7 Kh7 33.Rxf7+ Kg6 34.Rc7 Rd8 35.Rxc6 Rd2 36.Kf1 Rxa2 37.Rc8 Kf7
38.Bg3 Rc2 39.c6 e5 40.Bxe5  1-0

[Event "chess.com Blitz Final 3m+2spm 2016"]
[Site "chess.com INT"]
[Date "2016.10.27"]
[Round "13"]
[White "Nakamura,Hi"]
[Black "Carlsen,M"]
[Result "0-1"]
[WhiteElo "2787"]
[BlackElo "2853"]

1.b3 Nf6 2.Bb2 g6 3.e3 Bg7 4.Nf3 O-O 5.d4 d6 6.Be2 Nbd7 7.c4 e5 8.dxe5 dxe5
9.O-O e4 10.Nfd2 Re8 11.Qc2 c6 12.c5 Qe7 13.b4 a5 14.a3 Ne5 15.Bxe5 Qxe5
16.Nc4 Qxa1 17.Nc3 Qxf1+ 18.Bxf1 axb4 19.axb4 Be6 20.Nd6 Re7 21.h3 Nd5 22.Nxd5 Bxd5
23.Bc4 Be5 24.g3 Rd8 25.Nxe4 Bxe4 26.Qxe4 Kg7 27.Kg2 Rd2 28.g4 Bf6  0-1

[Event "chess.com Blitz Final 3m+2spm 2016"]
[Site "chess.com INT"]
[Date "2016.10.27"]
[Round "14"]
[White "Carlsen,M"]
[Black "Nakamura,Hi"]
[Result "1/2-1/2"]
[WhiteElo "2853"]
[BlackElo "2787"]

1.Nf3 g6 2.g3 Bg7 3.d4 d5 4.Bg2 Nf6 5.O-O c6 6.b3 O-O 7.Bb2 Ne4 8.c4 Bf5
9.Nc3 Nxc3 10.Bxc3 Be4 11.e3 Nd7 12.Qe2 Nf6 13.Rfc1 Qd6 14.Bb2 a5 15.Ne5 Bxg2
16.Kxg2 a4 17.Nd3 Nd7 18.Bc3 axb3 19.axb3 Rxa1 20.Rxa1 dxc4 21.bxc4 c5 22.Rd1 cxd4
23.Bxd4 e5 24.Bb2 Qc6+ 25.Kg1 Qxc4 26.Nf4 Nb6 27.Rc1 Qxe2 28.Nxe2 Rc8 29.Rb1 Rc2
30.Kf1 Nc4 31.Bc1 b6 32.Ke1 Bf8 33.Ra1 Na5 34.Kd1 Rc6 35.Rb1 Nc4 36.Nc3 Kg7
37.Ke2 Bc5 38.Kd3 Nd6 39.f3 Rc8 40.Bd2 Rd8 41.Nd5 b5 42.e4 Ra8 43.Bc3 Ra3
44.Kc2 f6 45.Nc7 b4 46.Bb2 Ra7 47.Ne6+ Kf7 48.Nxc5 Rc7 49.Kb3 Rxc5 50.Rc1 Rxc1
51.Bxc1 f5 52.exf5 Nxf5 53.Kxb4 Nd4 54.f4 Ne2 55.Bd2 exf4 56.gxf4 Ke6 57.Kc4 Kf5
58.Kd3 Nxf4+ 59.Ke3 Ne6 60.Kf3 Ng5+ 61.Kg2 Kg4 62.Be3 Nh3 63.Ba7 Nf4+ 64.Kf2 Kh3
65.Kg1 Nd3 66.Bb8 Nc5 67.Kh1 Ne4 68.Bc7 Nf6 69.Bb8 Ne4 70.Bc7 Ng5 71.Bb8 Nf3
72.Bc7 Nh4 73.Bb8 Kg4 74.Kg1 Kf3 75.Kf1 Nf5 76.Bc7 Ne3+ 77.Kg1 g5 78.Bd8 g4
79.Bc7 Nf5 80.Bb8 h5 81.Bc7 Nd4 82.Kf1 Ne2 83.Bb8 Nf4 84.Kg1 Nh3+ 85.Kf1 Ng5
86.Bc7 Ne4 87.Bd8 Nd2+ 88.Kg1 Nc4 89.Be7 Ne3 90.Bd8 Nf5 91.Bf6 Nd6 92.Bd8 Ne4
93.Be7 Nc3 94.Bd8 Ne2+ 95.Kf1 Nd4 96.Be7 Nf5 97.Bd8 Kf4 98.Kg2 Ne3+ 99.Kf2 Nf5
100.Bc7+ Kg5 101.Bd8+ Kg6 102.h3 gxh3  1/2-1/2